Statistiques concernant Eastern / Western Conference (NBA)

Cliquez ici pour prendre le quiz!

Statistiques générales

  • Ce quiz a été pris 116 fois
  • Le résultat moyen est 26 sur 30

Statistiques - réponses

Réponse% Correct
Boston Celtics
97%
Miami Heat
96%
Los Angeles Lakers
94%
Denver Nuggets
93%
Dallas Mavericks
91%
Milwaukee Bucks
91%
New York Knicks
91%
San Antonio Spurs
91%
Toronto Raptors
91%
Washington Wizards
91%
Chicago Bulls
90%
Golden State Warriors
90%
Detroit Pistons
89%
Los Angeles Clippers
89%
Charlotte Hornets
88%
Houston Rockets
88%
Oklahoma City Thunder
86%
Phoenix Suns
86%
Cleveland Cavaliers
84%
Brooklyn Nets
83%
Atlanta Hawks
82%
Philadelphia 76ers
82%
Utah Jazz
82%
Indiana Pacers
80%
Minnesota Timberwolves
80%
Orlando Magic
80%
Sacramento Kings
80%
Memphis Grizzlies
78%
New Orleans Pelicans
71%
Portland Trail Blazers
70%

Distribution des résultats

Percentile par nombre de réponses

% des personnes avec chaque résultat

Votre développement - résultats

Vous n’avez pas pris ce quiz